[Event "Under 1600 knockout-Sept 2012"]
[Site "SchemingMind.com"]
[Date "2012.09.06"]
[Round "-"]
[White "mtnewk"]
[Black "fouche"]
[Result "0-1"]
[WhiteCountry "USA"]
[BlackCountry "COL"]
[WhiteElo "1556"]
[WhiteRD "75"]
[BlackElo "1608"]
[BlackRD "65"]
[GameID "317404"]

1. d4 e6 2. c4 d5 3. Nf3 Nf6 4. Nc3 Bb4 5. Bd2 O-O 6. e3 c6 7. a3 Ba5 8. b4 Bc7 9. Qc2 Nbd7 10. c5 b6
11. Rb1 b5 12. Bd3 a5 13. O-O axb4 14. axb4 Re8 15. Ra1 Bb7 16. Qb2 e5 17. dxe5 Rxa1 18. Rxa1 Nxe5 19. Be2 Nxf3+ 20. gxf3 d4
21. exd4 Qxd4 22. Be3 Qh4 23. Kf1 Qxh2 24. Ke1 Rd8 25. Rd1 Qg1+ 26. Bf1 Rxd1+ 27. Nxd1 h6 28. Bd4 Bd8 29. Ne3 Bc8 30. Qa2 Qg6
31. Nd1 Nd5 32. Qb2 Bf6 33. Bxf6 Nxf6 34. Qd4 Be6 35. Qd8+ Kh7 36. Bd3 Bf5 37. Be2 Nd5 38. Qh4 Qg5 39. Qxg5 hxg5 40. Ne3 Be6
41. Nxd5 Bxd5 42. Kd2 f5 43. Ke3 Kg6 44. Kd4 Kf6 45. Bd1 Ke6 46. Be2 g6 47. Bd1 Ba2 48. Bc2 Bd5 49. Bd1 Kf6 50. Ke3 Ke5
0-1

[Event "Under 1600 knockout-Sept 2012"]
[Site "SchemingMind.com"]
[Date "2012.09.07"]
[Round "-"]
[White "fouche"]
[Black "mtnewk"]
[Result "1-0"]
[WhiteCountry "COL"]
[BlackCountry "USA"]
[WhiteElo "1557"]
[WhiteRD "67"]
[BlackElo "1560"]
[BlackRD "80"]
[GameID "317406"]

1. d4 Nf6 2. c4 e5 3. d5 Bc5 4. e3 d6 5. Nc3 Bb4 6. Bd3 Bxc3+ 7. bxc3 Nbd7 8. e4 Nc5 9. Ne2 O-O 10. O-O Nfxe4
11. Ba3 Nxd3 12. Qxd3 Nf6 13. Ng3 Re8 14. c5 dxc5 15. Bxc5 Qxd5 16. Qxd5 Nxd5 17. Rac1 Nf4 18. Rcd1 Be6 19. a3 b6 20. Be3
1-0

[Event "Under 1600 knockout-Sept 2012"]
[Site "SchemingMind.com"]
[Date "2012.09.07"]
[Round "-"]
[White "lennart"]
[Black "esteves101"]
[Result "0-1"]
[WhiteCountry "SWE"]
[BlackCountry "PHI"]
[WhiteElo "1471"]
[WhiteRD "55"]
[BlackElo "1939"]
[BlackRD "97"]
[GameID "317429"]

1. e4 e5 2. Nf3 Nf6 3. Nc3 Bb4 4. Ne2 Nxe4 5. Nxe5 O-O 6. c3 Bd6 7. Nc4 Qf6 8. f3 Qh4+ 9. g3 Nxg3 10. Rg1 Nxe2+
11. Kxe2 Qxc4+ 12. d3 Qc5 13. Be3 Re8 14. d4 Qb5+ 15. Kf2 Qh5 16. h3 Qh4+ 17. Ke2 Bf4 18. Kd3 Rxe3+ 19. Kc4 a5 20. Kb3 a4+
0-1

[Event "Under 1600 knockout-Sept 2012"]
[Site "SchemingMind.com"]
[Date "2012.09.07"]
[Round "-"]
[White "esteves101"]
[Black "lennart"]
[Result "1-0"]
[WhiteCountry "PHI"]
[BlackCountry "SWE"]
[WhiteElo "1939"]
[WhiteRD "97"]
[BlackElo "1471"]
[BlackRD "55"]
[GameID "317430"]

1. e4 e5 2. Nf3 Nc6 3. Bb5 Nce7 4. Nxe5 c6 5. Bc4 d5 6. exd5 cxd5 7. Bb5+ Nc6 8. Nxc6 Qb6 9. Qe2+ Be6 10. Nb4+ Kd8
11. Nxd5 Qc5 12. Nbc3 Qe7 13. Nxe7 Bxe7 14. d4 Nf6 15. Qf3 Rb8 16. d5 Bc8 17. Bf4 Ra8 18. d6 Bf8 19. Bg5 Bxd6 20. Bxf6+
1-0

[Event "Under 1600 knockout-Sept 2012"]
[Site "SchemingMind.com"]
[Date "2012.09.08"]
[Round "-"]
[White "Shademan"]
[Black "Phillip Beckett"]
[Result "1-0"]
[WhiteCountry "USA"]
[BlackCountry "ENG"]
[WhiteElo "1878"]
[WhiteRD "130"]
[BlackElo "1561"]
[BlackRD "46"]
[GameID "317452"]

1. e4 e5 2. Nf3 Nc6 3. d4 exd4 4. Nxd4 Bc5 5. Nb3 Bb6 6. Bd3 d6 7. Nc3 Nf6 8. Na4 Ne5 9. Nxb6 Nxd3+ 10. cxd3 axb6
11. O-O O-O 12. Bg5 h6 13. Bh4 Qe7 14. Qc2 Qe5 15. Qxc7 Qxb2 16. Qxd6 Nh7 17. Rab1 Qc2 18. Rfc1 Qe2 19. Re1 Qc2 20. Rbc1 Qb2
21. Qxb6 Rxa2 22. d4 Ng5 23. d5 Bh3 24. Bxg5 Bxg2 25. Kxg2 hxg5 26. Rc7 Qe5 27. Rxb7 g4 28. Nd4 Qh5 29. Nf5 Qh3+ 30. Kg1 g6
31. Ne7+ Kh8 32. Qf6+ Kh7 33. Nxg6
1-0

[Event "Under 1600 knockout-Sept 2012"]
[Site "SchemingMind.com"]
[Date "2012.09.08"]
[Round "-"]
[White "Phillip Beckett"]
[Black "Shademan"]
[Result "0-1"]
[WhiteCountry "ENG"]
[BlackCountry "USA"]
[WhiteElo "1561"]
[WhiteRD "46"]
[BlackElo "1878"]
[BlackRD "130"]
[GameID "317459"]

1. e4 c5 2. Nf3 d6 3. d4 Nf6 4. Nc3 cxd4 5. Nxd4 g6 6. Be3 Bg7 7. Qd2 Ng4 8. f3 Nxe3 9. Qxe3 O-O 10. O-O-O Nc6
11. Nxc6 bxc6 12. Bc4 Qb6 13. Qxb6 axb6 14. Kb1 Bxc3 15. bxc3 Ra5 16. Bb3 Ba6 17. h4 c5 18. c4 Bb7 19. h5 Bc6 20. hxg6 fxg6
21. Rh6 Raa8 22. Rdh1 Rf7 23. Kc1 Ba4 24. Bxa4 Rxa4 25. Kb2 Rxc4 26. Kb3 Rd4 27. Kc3 b5 28. Rb1 b4+ 29. Kb3 Rd2 30. Rg1 e6
31. Rh3 d5 32. g4 dxe4 33. c3 exf3 34. Rf1 Rd3 35. Kc4 Rxc3+
0-1

[Event "Under 1600 knockout-Sept 2012"]
[Site "SchemingMind.com"]
[Date "2012.09.14"]
[Round "-"]
[White "maro"]
[Black "kubinet"]
[Result "0-1"]
[WhiteCountry "MEX"]
[BlackCountry "GER"]
[WhiteElo "1343"]
[WhiteRD "64"]
[BlackElo "1652"]
[BlackRD "55"]
[GameID "317580"]

1. e4 e5 2. d3 Nc6 3. Nf3 Nf6 4. g3 h6 5. Nh4 g6 6. Bh3 d6 7. Bxc8 Qxc8 8. O-O Qd7 9. Nd2 Bg7 10. Ndf3 O-O-O
11. Be3 Ng4 12. Bd2 f5 13. exf5 gxf5 14. Ng6 Rhg8 15. h3 Nf6 16. a4 Qf7 17. Ngh4 Bf8 18. Nxf5 h5 19. Nh6 Bxh6 20. Bxh6 Qg6
21. Qd2 Nd4 22. Nh4 Qf7 23. a5 a6 24. Ra3 Nd5 25. c3 Nf3+ 26. Nxf3 Qxf3 27. Raa1 h4 28. g4 Qxh3 29. f3 Rg6 30. Be3 Qg3+
31. Kh1 Rf8 32. Bf2 Qxf3+
0-1

[Event "Under 1600 knockout-Sept 2012"]
[Site "SchemingMind.com"]
[Date "2012.09.15"]
[Round "-"]
[White "kubinet"]
[Black "maro"]
[Result "1-0"]
[WhiteCountry "GER"]
[BlackCountry "MEX"]
[WhiteElo "1652"]
[WhiteRD "55"]
[BlackElo "1343"]
[BlackRD "64"]
[GameID "317584"]

1. e4 e5 2. Nf3 Nc6 3. Bb5 a6 4. Ba4 Nge7 5. O-O d6 6. c3 Bd7 7. d4 exd4 8. cxd4 d5 9. Nc3 Nb4 10. a3 Nbc6
11. exd5 Nxd5 12. Re1+ Be7 13. Nxd5 O-O 14. Bxc6 Bxc6 15. Nxe7+ Kh8 16. Nxc6 bxc6 17. Qc2
1-0

[Event "Under 1600 knockout-Sept 2012"]
[Site "SchemingMind.com"]
[Date "2012.09.18"]
[Round "-"]
[White "capablanca"]
[Black "eun77"]
[Result "1-0"]
[WhiteCountry "GER"]
[BlackCountry "ISR"]
[WhiteElo "1754"]
[WhiteRD "67"]
[BlackElo "1381"]
[BlackRD "66"]
[GameID "317794"]

1. e4 e5 2. Nf3 d6 3. d4 exd4 4. Nxd4 Nc6 5. Nc3 Nxd4 6. Qxd4 Qf6 7. Qxf6 Nxf6 8. Bc4 c6 9. Bg5 Be7 10. O-O-O h6
11. Bxf6 Bxf6 12. Rxd6 O-O 13. Ne2 Be6 14. Bxe6 fxe6 15. Rxe6
1-0

[Event "Under 1600 knockout-Sept 2012"]
[Site "SchemingMind.com"]
[Date "2012.09.19"]
[Round "-"]
[White "eun77"]
[Black "capablanca"]
[Result "0-1"]
[WhiteCountry "ISR"]
[BlackCountry "GER"]
[WhiteElo "1381"]
[WhiteRD "66"]
[BlackElo "1754"]
[BlackRD "67"]
[GameID "317799"]

1. e4 e5 2. Nf3 Nc6 3. d3 Bc5 4. c3 d6 5. h3 Nf6 6. Be2 h6 7. O-O Be6 8. b4 Bb6 9. Nbd2 a6 10. Nc4 Bxc4
11. Be3 Bxe3 12. fxe3 Be6 13. Nh2 d5 14. exd5 Bxd5 15. Bf3 O-O
0-1

[Event "Under 1600 knockout-Sept 2012"]
[Site "SchemingMind.com"]
[Date "2012.09.17"]
[Round "-"]
[White "ray winteringham"]
[Black "Timaeus"]
[Result "1-0"]
[WhiteCountry "ENG"]
[BlackCountry "JPN"]
[WhiteElo "1532"]
[WhiteRD "50"]
[BlackElo "1395"]
[BlackRD "66"]
[GameID "317839"]

1. d4 Nf6 2. Nc3 d5 3. e3 Nc6 4. Bd3 g6 5. Nf3 e6 6. O-O Bh6 7. h3 a6 8. b3 Qe7 9. Na4 Bd7 10. Nc3 b5
11. a4 b4 12. Ne2 a5 13. Bb2 O-O 14. c3 Qd6 15. cxb4 Qxb4 16. Ba3 Qb6 17. Bxf8 Bxf8 18. Nc3 Nb4 19. Ne5 Nxd3 20. Nxd3 Bd6
21. f4 h5 22. Kf2 Nh7 23. Rh1 f5 24. Qc2 c6 25. Rag1 Be7 26. Ne5 Be8 27. Ke1 Bh4+ 28. g3 Bf6 29. Qf2 Qxb3 30. g4 Qxc3+
31. Kf1 Qa1+ 32. Kg2 Qxa4 33. gxh5 Bxe5 34. fxe5 gxh5 35. Qf4 Ra7 36. Kf3+ Rg7 37. Qh6 Rg6 38. Rxg6+ Bxg6 39. Qxg6+ Kh8 40. Rg1
1-0

[Event "Under 1600 knockout-Sept 2012"]
[Site "SchemingMind.com"]
[Date "2012.09.17"]
[Round "-"]
[White "Timaeus"]
[Black "ray winteringham"]
[Result "1-0"]
[WhiteCountry "JPN"]
[BlackCountry "ENG"]
[WhiteElo "1395"]
[WhiteRD "66"]
[BlackElo "1532"]
[BlackRD "50"]
[GameID "317841"]

1. c4 e5 2. e4 f6 3. Nf3 Bc5 4. d4 Bb4+ 5. Bd2 Bxd2+ 6. Qxd2 Ne7 7. Na3 O-O 8. dxe5 fxe5 9. Nxe5 Nd5 10. Qxd5+ Kh8
11. Nf7+ Rxf7 12. Qxf7 Nc6 13. c5 d6 14. Rd1 Ne5 15. Qd5 Qf6 16. cxd6 Ng4 17. Qd4 Qf7 18. Be2 Nf6 19. Bc4 Qe8 20. dxc7 Nxe4
21. Qd8 Nf6+ 22. Qxe8+ Nxe8 23. Rd8
1-0

[Event "Under 1600 knockout-Sept 2012"]
[Site "SchemingMind.com"]
[Date "2012.09.19"]
[Round "-"]
[White "VLNT_1"]
[Black "James Reed"]
[Result "0-1"]
[WhiteCountry "USA"]
[BlackCountry "ENG"]
[WhiteElo "1322"]
[WhiteRD "85"]
[BlackElo "1581"]
[BlackRD "56"]
[GameID "317909"]

1. Nf3 Nf6 2. e3 d5 3. d4 c6 4. g3 Ne4 5. Bg2 Bg4 6. O-O Ng5 7. h3 Nxh3+ 8. Kh2 Ng5 9. Nbd2 e6 10. b3 Nd7
11. Qe1 h6 12. Bb2 Bd6 13. Ng1 Nf6 14. a4 O-O 15. f3 Bf5 16. e4 dxe4 17. fxe4 Bg4 18. Nc4 Bc7 19. e5 Nd5 20. Rf2 Nb6
21. Na3 Nd5 22. Bf1 Ba5 23. c3 Ne7 24. Rf4 Bf5 25. g4 Bg6 26. b4 Bb6 27. c4 Bc7 28. d5 cxd5 29. Qc1 f6 30. Rf2 fxe5
31. cxd5 Rxf2+ 32. Bg2 e4+ 33. Kh1 Qd6 34. Qxc7 Qxc7 35. Bd4 Rd2 36. Be3 Nf3 37. Bxf3 Qh2#
0-1

[Event "Under 1600 knockout-Sept 2012"]
[Site "SchemingMind.com"]
[Date "2012.09.19"]
[Round "-"]
[White "James Reed"]
[Black "VLNT_1"]
[Result "1-0"]
[WhiteCountry "ENG"]
[BlackCountry "USA"]
[WhiteElo "1581"]
[WhiteRD "56"]
[BlackElo "1322"]
[BlackRD "85"]
[GameID "317913"]

1. e4 Nc6 2. Nf3 e6 3. d4 b6 4. Bb5 Nb4 5. Bd2 c6 6. Ba4 Na6 7. c4 Bb7 8. Nc3 d5 9. Ne5 Qc7 10. exd5 b5
11. cxb5 cxb5 12. Bxb5+ Kd8 13. a3 Nb8 14. O-O Qb6 15. Nxf7+ Kc8 16. Nxh8 Qxd4 17. Be3 Qe5 18. Re1 g6 19. Nf7 Qf6 20. Ng5 Qe7
21. Nxe6 a6 22. Ba4 Qd6 23. Nxf8 Qxf8 24. Qg4+ Kc7 25. Bf4+ Kb6 26. Be3+ Kc7 27. Qg3+ Kc8 28. Qg4+ Kd8 29. Bb6#
1-0

[Event "Under 1600 knockout-Sept 2012"]
[Site "SchemingMind.com"]
[Date "2012.10.19"]
[Round "-"]
[White "Wojciech  Langer"]
[Black "capablanca"]
[Result "1/2-1/2"]
[WhiteCountry "INT"]
[BlackCountry "GER"]
[WhiteElo "1641"]
[WhiteRD "77"]
[BlackElo "1741"]
[BlackRD "65"]
[GameID "319405"]

1. Nf3 Nf6 2. g3 d5 3. Bg2 Nc6 4. O-O e5 5. d3 Bc5 6. Bd2 Bf5 7. e4 dxe4 8. dxe4 Bxe4 9. Nc3 Bf5 10. Re1 O-O
11. Be3 Qxd1 12. Nxd1 Bxe3 13. Nxe3 Be4 14. c3 Rad8 15. Rad1 Rfe8 16. Nd2 Bxg2 17. Kxg2 Rd3 18. Nf3 Red8 19. Rxd3 Rxd3 20. Nc4 Nd7
21. Nfxe5 Ncxe5 22. Nxe5 Nxe5 23. Rxe5 Kf8=
1/2-1/2

[Event "Under 1600 knockout-Sept 2012"]
[Site "SchemingMind.com"]
[Date "2012.10.19"]
[Round "-"]
[White "capablanca"]
[Black "Wojciech  Langer"]
[Result "1-0"]
[WhiteCountry "GER"]
[BlackCountry "INT"]
[WhiteElo "1741"]
[WhiteRD "65"]
[BlackElo "1641"]
[BlackRD "77"]
[GameID "319408"]

1. e4 c5 2. Nf3 e6 3. d4 cxd4 4. Nxd4 a6 5. c4 Nf6 6. Nc3 Qc7 7. Bd3 Nc6 8. Nb3 Bd6 9. c5 Be5 10. Ne2 Qd8
11. O-O b6 12. cxb6 Qxb6 13. Be3 Qd8 14. Rb1 O-O 15. f4 Bc7 16. Nd2 Bb7 17. a3 Bb6 18. Bxb6 Qxb6+ 19. Kh1 d6 20. Nc4 Qc7
21. Rc1 Na5 22. b4 Nxc4 23. Bxc4 Qe7 24. e5 dxe5 25. fxe5 Ng4 26. Qd4 Nh6 27. Ng3 Rad8 28. Qf4 Rd7 29. Rfd1 Rfd8 30. Rxd7 Rxd7
31. Ne4 Bxe4 32. Qxe4 Qd8 33. h3 Ra7 34. Bd3 Nf5 35. Qf3 g6 36. Qf2 Qd4 37. Qxd4 Nxd4 38. Rc4 Nf5 39. Bxf5 exf5 40. Rc6 Kf8
41. Kg1 Ke7 42. Kf2 Rd7 43. Rxa6 Rb7 44. Ke3 Rb5 45. Kd4 Kd7 46. Ra5 Rb6 47. b5 Kc7 48. a4 Kb7 49. Kd5 Re6 50. Ra6
1-0

[Event "Under 1600 knockout-Sept 2012"]
[Site "SchemingMind.com"]
[Date "2012.10.30"]
[Round "-"]
[White "James Reed"]
[Black "esteves101"]
[Result "0-1"]
[WhiteCountry "ENG"]
[BlackCountry "PHI"]
[WhiteElo "1562"]
[WhiteRD "60"]
[BlackElo "2039"]
[BlackRD "87"]
[GameID "320125"]

1. e4 e5 2. Nf3 Nf6 3. Nxe5 Qe7 4. d4 d6 5. Nf3 Nxe4 6. Be2 Bf5 7. O-O Nd7 8. Re1 d5 9. Bf4 O-O-O 10. Nbd2 h6
11. Nxe4 dxe4 12. Ne5 g5 13. h3 gxf4 14. Bh5 Nxe5 15. Be2 Rg8 16. c3 Bxh3 17. g3 Qh4 18. Kh2 Rxg3 19. fxg3 Qxg3+ 20. Kh1 Qg2#
0-1

[Event "Under 1600 knockout-Sept 2012"]
[Site "SchemingMind.com"]
[Date "2012.10.30"]
[Round "-"]
[White "esteves101"]
[Black "James Reed"]
[Result "1-0"]
[WhiteCountry "PHI"]
[BlackCountry "ENG"]
[WhiteElo "2039"]
[WhiteRD "87"]
[BlackElo "1562"]
[BlackRD "60"]
[GameID "320130"]

1. e4 c5 2. Nf3 d6 3. d4 cxd4 4. Qxd4 Nc6 5. Bb5 Bd7 6. Qd3 Nf6 7. Nc3 a6 8. Bxc6 Bxc6 9. Nd5 e6 10. Nxf6+ Qxf6
11. O-O h6 12. Nd4 Be7 13. Nxc6 bxc6 14. Qc4 c5 15. Qa4+ Kd8 16. Bd2 Qd4 17. Ba5+ Kc8 18. Qc6+ Kb8 19. Qc7#
1-0

[Event "Under 1600 knockout-Sept 2012"]
[Site "SchemingMind.com"]
[Date "2012.11.28"]
[Round "-"]
[White "ray winteringham"]
[Black "fouche"]
[Result "1-0"]
[WhiteCountry "ENG"]
[BlackCountry "COL"]
[WhiteElo "1474"]
[WhiteRD "51"]
[BlackElo "1591"]
[BlackRD "66"]
[GameID "322133"]

1. d4 Nf6 2. Bg5 e6 3. e4 Be7 4. Nc3 O-O 5. Bd3 b6 6. Qf3 Bb7 7. Nge2 c5 8. O-O cxd4 9. Nxd4 d5 10. Bxf6 Bxf6
11. Nde2 dxe4 12. Nxe4 Bxb2 13. Rab1 Ba3 14. Rfd1 Nd7 15. Bb5 Bc8 16. Nd6 Rb8 17. Qxa3 Bb7 18. Qxa7 Qc7 19. Bxd7 Qxd7 20. Nxb7 Qxb7
21. Qxb7 Rxb7 22. Nd4 Rc8 23. Rdc1 Kf8 24. Nb5 Ke7 25. Rd1 Rxc2 26. a4 Ra2 27. Ra1 Rb2 28. Nd6 Rb8 29. Nb5 h5 30. h3 Rc8
31. Rac1 Ra8 32. Rc7+ Kf6 33. Rdd7 Rf8 34. f3 Rb4 35. Nd6 Rxa4 36. Rxf7+ Rxf7 37. Rxf7+ Ke5 38. Ne4 g6 39. Rb7 Ra6 40. Kf2 Kd4
41. Ke2 e5 42. Rd7+ Kc4 43. Rd6 Ra2+ 44. Kf1 b5 45. Rxg6 b4 46. Rd6 Ra1+ 47. Kf2 h4 48. Rd2 b3 49. Rb2 Kb4 50. Nd2 Ra2
51. Rxb3+ Ka4 52. Rd3
1-0

[Event "Under 1600 knockout-Sept 2012"]
[Site "SchemingMind.com"]
[Date "2012.11.28"]
[Round "-"]
[White "fouche"]
[Black "ray winteringham"]
[Result "0-1"]
[WhiteCountry "COL"]
[BlackCountry "ENG"]
[WhiteElo "1591"]
[WhiteRD "66"]
[BlackElo "1474"]
[BlackRD "51"]
[GameID "322137"]

1. d4 Nf6 2. c4 d5 3. Nc3 Bf5 4. Nf3 e6 5. e3 c6 6. Bd3 Bg6 7. O-O Bd6 8. c5 Bc7 9. a3 O-O 10. b4 b5
11. a4 bxa4 12. Rxa4 Nbd7 13. Qe2 a5 14. b5 cxb5 15. Nxb5 Bxd3 16. Qxd3 Ne4 17. Nd2 Ng5 18. Ba3 Nf6 19. f3 Qb8 20. Nxc7 Qxc7
21. e4 Rfe8 22. e5 Nh5 23. f4 Qc6 24. Qc2 Ne4 25. Nxe4 dxe4 26. Rc4 f5 27. g3 g6 28. Rd1 Red8 29. Rb1 Rab8 30. Rb3 Ng7
31. Rxb8 Rxb8 32. Qa4 Qa6 33. c6 Ne8 34. Rc5 Qd3 35. Qxa5 Qxd4+ 36. Kg2 e3 37. c7 Rc8 38. Qc3 Qe4+ 39. Kh3 e2 40. Qe1 Qe3
41. Bb4 Qf3 42. Kh4 Qg4#
0-1

[Event "Under 1600 knockout-Sept 2012"]
[Site "SchemingMind.com"]
[Date "2012.12.22"]
[Round "-"]
[White "capablanca"]
[Black "Shademan"]
[Result "0-1"]
[WhiteCountry "GER"]
[BlackCountry "USA"]
[WhiteElo "1638"]
[WhiteRD "55"]
[BlackElo "2054"]
[BlackRD "81"]
[GameID "323709"]

1. e4 e5 2. Nf3 Nc6 3. Bc4 Bc5 4. O-O Nf6 5. d3 d6 6. Bg5 h6 7. Be3 Bxe3 8. fxe3 O-O 9. Nbd2 Bg4 10. h3 Bh5
11. Qe1 Nb4 12. Bb3 a5 13. a4 c6 14. c3 Nxd3 15. Qb1 Nc5 16. Bc2 Bg6 17. Nc4 Nfxe4 18. Nfd2 d5 19. Nxe4 Nxe4 20. Nxe5 Nd2
0-1

[Event "Under 1600 knockout-Sept 2012"]
[Site "SchemingMind.com"]
[Date "2012.12.31"]
[Round "-"]
[White "esteves101"]
[Black "ray winteringham"]
[Result "1-0"]
[WhiteCountry "PHI"]
[BlackCountry "ENG"]
[WhiteElo "2031"]
[WhiteRD "88"]
[BlackElo "1506"]
[BlackRD "51"]
[GameID "324133"]

1. e4 e5 2. Nf3 d6 3. d4 exd4 4. Qxd4 Bd7 5. Bc4 Nc6 6. Qd3 Nf6 7. O-O Be7 8. Qb3 O-O 9. Bd3 b6 10. Bd2 Be6
11. Qc3 h6 12. Qxc6 Bd7 13. Qb7 a5 14. Nc3 Qe8 15. Qxc7 Bd8 16. Qxd6 Rc8 17. e5 Bc7 18. Qd4 Nh7 19. Nd5 Qd8 20. Bxh6 gxh6
21. Bxh7+ Kxh7 22. Nf6+ Kg7 23. Nxd7 Re8 24. e6+ Kh7 25. exf7
1-0

[Event "Under 1600 knockout-Sept 2012"]
[Site "SchemingMind.com"]
[Date "2012.12.31"]
[Round "-"]
[White "ray winteringham"]
[Black "esteves101"]
[Result "0-1"]
[WhiteCountry "ENG"]
[BlackCountry "PHI"]
[WhiteElo "1506"]
[WhiteRD "51"]
[BlackElo "2031"]
[BlackRD "88"]
[GameID "324141"]

1. e4 e5 2. Nf3 Nf6 3. Nxe5 Qe7 4. Nd3 Qxe4+ 5. Qe2 Be7 6. Qxe4 Nxe4 7. Nc3 Nf6 8. b3 O-O 9. Bb2 d5 10. Nb5 Na6
11. Nd4 c5 12. Nf3 Bf5 13. Be2 Bxd3 14. Bxd3 Nb4 15. O-O Nxd3 16. cxd3 d4 17. Ne5 Nd5 18. Rfe1 Rfe8 19. Re4 f5 20. Ree1 Nb4
21. Nf3 Nc2
0-1

[Event "Under 1600 knockout-Sept 2012"]
[Site "SchemingMind.com"]
[Date "2013.01.17"]
[Round "-"]
[White "Shademan"]
[Black "esteves101"]
[Result "0-1"]
[WhiteCountry "USA"]
[BlackCountry "PHI"]
[WhiteElo "2013"]
[WhiteRD "85"]
[BlackElo "2084"]
[BlackRD "101"]
[GameID "325290"]

1. d4 d5 2. c4 dxc4 3. Nf3 e6 4. e4 b5 5. a4 c6 6. axb5 cxb5 7. b3 Bb7 8. bxc4 bxc4 9. Bxc4 Bxe4 10. Nc3 Bb4
11. Bd2 Bxc3 12. Bxc3 Nf6 13. O-O Nc6 14. Ne5 Qc7 15. Qa4 O-O 16. Rfc1 Qb6 17. Bb5 Rfc8 18. Nc4 Qd8 19. Ne3 Ne7 20. Ba5 Qf8
21. Bb4 Rxc1+ 22. Rxc1 a6 23. Be2 Qd8 24. f3 Bb7 25. Ba5 Qb8 26. Bc7 Qc8 27. Qa3 Qd7 28. Qb4 Rc8 29. Qxb7 Qxd4 30. Rd1 Qxe3+
31. Kh1 Re8 32. Bxa6 Ned5 33. Bd3 Nxc7 34. Qxc7 Nd5 35. Qd7 Rb8 36. Qd6 Rc8 37. Bc4 Qg5 38. Bxd5 Rd8 39. Qb6 exd5 40. Qd4 Re8
41. g3 Rd8 42. Kg2 Qe7 43. Kf2 f6 44. Re1 Qd7 45. Re2 Qh3 46. Kg1 Qc8 47. Kf2 Qh3 48. Kg1 Qc8 49. Kf2 Qh3 50. Kg1 Qf5
51. Qb6 Rf8 52. Qe6+ Qxe6 53. Rxe6 Rd8 54. Kf2 Kf7 55. Rb6 Ke7 56. Ke3 Rd6 57. Rb7+ Rd7 58. Rb1 Kd6 59. Kd4 Rc7 60. Rb6+ Rc6
61. Rb4 h5 62. h4 Ra6 63. g4 hxg4 64. fxg4 Kc6 65. g5 Ra3 66. gxf6 gxf6 67. Rb2 Ra4+ 68. Kd3 Rxh4 69. Rf2 Rh6 70. Kc3 Kd6
71. Rf3 Ke5 72. Re3+ Kd6
0-1

[Event "Under 1600 knockout-Sept 2012"]
[Site "SchemingMind.com"]
[Date "2013.01.16"]
[Round "-"]
[White "esteves101"]
[Black "Shademan"]
[Result "1-0"]
[WhiteCountry "PHI"]
[BlackCountry "USA"]
[WhiteElo "2084"]
[WhiteRD "101"]
[BlackElo "2013"]
[BlackRD "85"]
[GameID "325295"]

1. e4 e5 2. Nf3 Nc6 3. Nc3 Nf6 4. d4 exd4 5. Nxd4 Bb4 6. Nxc6 bxc6 7. Bd3 d5 8. exd5 cxd5 9. Qe2+ Be6 10. Bb5+ Nd7
11. Bc6 Rb8 12. O-O Bxc3 13. bxc3 O-O 14. Be3 Ne5 15. Ba4 Qd6 16. Bf4 f6 17. Rfe1 Bd7 18. Bb3 Rfe8 19. Rad1 c6 20. c4 Qb4
21. Qf1 d4 22. c5+ Kh8 23. Re4 Qxc5 24. Rexd4 Bg4 25. f3 Be6 26. Qf2 Qb6 27. Bxe5 fxe5 28. Rd6 Bf5 29. Qxb6 Rxb6 30. c4 h6
31. c5 Rb4 32. Rxc6 e4 33. fxe4 Rbxe4 34. Rf1 R4e5 35. Rc7 a5 36. c6 Rc5 37. Rf7 g6 38. h3 h5 39. Rc7 Rd8 40. Re1 h4
41. Rf7 Bc2 42. c7 Rc8 43. Ree7 Bxb3 44. axb3 Kg8 45. Rg7+ Kf8 46. Ref7+ Ke8 47. Rh7 Rc1+ 48. Kh2 Rc5 49. Rd7 Rh5 50. Rhg7 Kf8
51. Rxg6
1-0